Leonardo DiCaprio Quiz - Statistics

General Stats
  • This quiz has been taken 152 times
  • The average score is 7 of 10
Answer Stats
Hint Answer % Correct
On a boat but he's broke Titanic
92%
Margot Robbie teases him The Wolf of Wall Street
85%
A millionaire in the 1920s The Great Gatsby
84%
Got friendly with a bear The Revenant
82%
Wherefore art thou? Romeo and Juliet
80%
Planting ideas in Cilian Murphy's mind Inception
75%
Joins a gang to avenge his father Gangs of New York
74%
A U.S. Marshall searches for a missing person Shutter Island
69%
An 'homage' of Infernal Affairs The Departed
53%
Welcome to Candyland Django Unchained
51%
No matching quizzes found
Score Distribution
Percent of People with Each Score
Percentile by Number Answered
Your Score History
You have not taken this quiz